000 01821nam a2200493 c 4500
999 _c51315
_d51315
001 51315
003 ES-MaCES
005 20190829112522.0
007 cr |||||||||||
008 190829s2018 sp r 000 ||spa d
020 _a9788492937752
040 _aES-MaCES
_bspa
_cES-MaCES
041 0 _aspa
_aeng
100 1 _95836
_aAlcalá Agulló, Francisco
245 1 4 _aLos costes económicos del déficit de calidad institucional y la corrupción en España
_hRecurso electrónico
_cFrancisco Alcalá Agulló, Fernando Jiménez Sánchez
250 _a1ª ed
260 _aBilbao
_bFundación BBVA
_c2018
300 _a1 documento pdf
_c(4,94 mb)
490 1 _aInformes
_v2018. Economía y sociedad
500 _aResumen en español e inglés
504 _aBibliografía: p. 59-66
541 _cGratuito
650 4 _acorrupción
_929365
650 4 _aorganización institucional
_927196
650 4 _aadministración pública
_927214
650 4 _acomportamiento político
_927237
650 4 _aconsecuencias económicas
_927082
650 4 _aproductividad
_928259
650 4 _aproducto interior bruto
_929369
650 4 _adesarrollo económico
_927093
650 4 _aEstado-Benefactor
_929481
650 4 _acontabilidad de costes
_928280
650 4 _amecanismo de control
_929918
650 4 _aEspaña
_926964
650 4 _arepertorio de recomendaciones prácticas
_929261
653 1 0 _aCiencias Sociales-Políticas
700 1 _915458
_aJiménez Sánchez, Fernando
710 2 _aFundación BBVA
_eed.
_93766
830 0 _aInformes (Fundación BBVA)
_v2018
_934390
830 0 _aInformes (Fundación BBVA)
_pEconomía y sociedad
_934389
856 4 _uhttp://biblioteca.ces.es/repintra/B51315.pdf
_ytexto completo
_z[intranet]
902 _aELE PUB. ELECTRONICA
942 _2CES
_cBK
_h7.0.